00297nam a2200121Ia 4500008004100000041000900041082001800050100001700068245003600085260003700121300000900158650000800167230718s9999 xx 000 0 und d aEng. a346.41bDAV-P aDavies Gower 0aPrinciples of modern law on pay aPakistanbSecterial manualc2012 a1343 aLaw